| 000 | 01896cam a2200421 i 4500 | ||
|---|---|---|---|
| 001 | 0006251270 | ||
| 003 | OSt | ||
| 005 | 20260618200838.0 | ||
| 007 | ta | ||
| 008 | 191107t20192019sz ||||j 000 0 fre | ||
| 020 |
_a9782889570263 _q(broch)̌ |
||
| 024 | 3 | _a9782889570263 | |
| 040 |
_aSDM _bfre _erda _dSQTD _dQMBND |
||
| 041 | 1 |
_afre _hita |
|
| 082 | 5 |
_aJ 688.725 _bF827L _223 |
|
| 091 | 0 | _a688.725 | |
| 100 | 1 |
_aFrangioja, Francesco, _d1971- _eauteur. |
|
| 240 | 1 | 0 |
_aLeonardo de Vinci, construis ses linvenzioni con i mattoncini LEGO. _lFranȧis |
| 245 | 1 | 0 |
_aLéonard de Vinci, construis ses inventions en briques LEGO / _cFrancesco Frangioja ; traduction, Chľi Rioboo. |
| 246 | 3 | 0 | _aConstruis ses inventions en briques LEGO |
| 264 | 1 |
_aChermignon, Suisse : _bNuinui jeunesse, _c[2019] |
|
| 264 | 4 | _c♭2019 | |
| 300 |
_a159 pages : _billustrations en couleur ; _c29 cm. |
||
| 336 |
_atexte _btxt _2rdacontent |
||
| 337 |
_asans mďiation _bn _2rdamedia |
||
| 338 |
_avolume _bnc _2rdacarrier |
||
| 500 | _aTraduction de: Leonardo da Vinci, costruisci le invenzioni con i mattoncini LEGO. | ||
| 500 | _a"° l'occasion des 500 ans de la mort de Léonard de Vinci. Instructions de montage pas à pas; un code QR avec des contenus multimedia pour chaque modl̈e; les listes détaillées des pièces et des conseils pour les obtenir"--Couverture. | ||
| 600 | 0 | 6 |
_aLéonard, _cde Vinci, _d1452-1519 |
| 600 | 0 | 7 |
_aLéonard, _cde Vinci, _d1452-1519 _2vmj |
| 650 | 6 | _aLEGO (Jouets) | |
| 650 | 6 |
_aInventions _xModl̈es rďuits |
|
| 650 | 7 |
_aLEGO (Jouets) _2vmj |
|
| 650 | 7 |
_aInventions _xModl̈es rďuits _2vmj |
|
| 700 | 1 |
_iTraduction de: _aFrangioja, Francesco, _d1971- _tLeonardo da Vinci, costruisci le invenzioni con i mattoncini LEGO |
|
| 942 |
_2ddc _cDOC JEUNE |
||
| 999 |
_c18903 _d18903 |
||